|
|
|
|
| LEADER |
01256nam a22002657a 4500 |
| 001 |
38063 |
| 003 |
BD-DhAAL |
| 008 |
220315t1980 bg ||||| |||| 001 0 ben d |
| 999 |
|
|
|c 43780
|d 43780
|
| 040 |
|
|
|a BD-DhAAL
|
| 041 |
|
|
|a ben
|
| 082 |
|
|
|a 891.44
|
| 100 |
|
|
|a হালদার, গোপাল
|9 46987
|
| 245 |
|
|
|a বাঙলা সাহিত্যের রূপরেখা,
|n প্রথম খণ্ড :
|b প্রাচীন ও মধ্যযুগ /
|c গোপাল হালদার
|
| 246 |
|
|
|a Bangla sahityer ruprekha
|
| 246 |
|
|
|a History of Bengali literature
|
| 260 |
|
|
|a ঢাকা :
|b মুক্তধারা,
|c ১৯৮০.
|
| 300 |
|
|
|a [১৮], ২৩০ পৃষ্ঠা ;
|c ২২ সে.মি.
|
| 362 |
|
|
|a Vol. 1
|
| 504 |
|
|
|a গ্রন্থপঞ্জিগত নির্দেশিকা ও নির্ঘণ্ট অন্তর্ভুক্ত।
|
| 541 |
|
|
|a Donated By Akbar Ali Khan
|e 38063
|
| 650 |
|
|
|a Bengali literature.
|9 46988
|
| 852 |
|
|
|a Ayesha Abed Library
|c Akbar Ali Khan Collection
|
| 942 |
|
|
|2 ddc
|c BK
|
| 952 |
|
|
|0 0
|1 0
|2 ddc
|4 0
|6 891_440000000000000_HAL
|7 1
|9 70141
|a BRACUL
|b BRACUL
|c CS1
|d 2022-03-15
|e Donated by Akbar Ali Khan
|l 0
|o 891.44 HAL
|p 3010038063
|r 2022-03-15
|t 1
|w 2022-03-15
|y BK
|